[Event "World Chess Candidates 2018"]
[Site "Berlin"]
[Date "2018.03.19"]
[Round "8"]
[White "Ding, Liren"]
[Black "Aronian, Levon"]
[Result "1/2-1/2"]
[WhiteElo "2769"]
[BlackElo "2794"]
[PlyCount "81"]
[EventDate "2018.??.??"]
[EventType "tourn"]
[EventCountry "GER"]
[SourceTitle "playchess.com"]
[Source "ChessBase"]
[SourceQuality "1"]

1. c4 Nf6 2. g3 e6 3. Bg2 d5 4. Nf3 dxc4 5. Qa4+ Bd7 6. Qxc4 c5 7. d4 (7. Ne5
Qc8 (7... Qc7 8. d4 Nc6 9. Nxd7 Nxd7 10. dxc5 Bxc5 11. O-O Nd4 12. e3 Nc6 13.
Nc3 O-O 14. Rd1 Nce5 15. Qe2 Nf6 16. Bd2 Rad8 17. Ne4 Be7 18. Rac1 Qb8 19. Nc5
Bxc5 20. Rxc5 Nd3 21. Rc2 Qd6 22. Bf3 Nb4 23. Rcc1 Qb6 24. Bxb4 Qxb4 25. Rxd8
Rxd8 26. Rc7 Qa5 27. Qc4 h6 28. b4 Qf5 29. Kg2 Rd2 30. Rxb7 g5 31. e4 Qe5 32.
h3 h5 33. Rb5 Qb2 34. Rxg5+ Kh7 35. Qc5 e5 36. Rf5 Kg6 37. Qe3 Nh7 38. Bxh5+
Kg7 39. Rxf7+ Kg8 40. Qh6 {1-0 (40) Stahlberg,G-Palau,L Buenos Aires 1939}) 8.
Nxd7 Qxd7 9. b3 Nc6 10. Bb2 Be7 11. O-O Rc8 12. d3 Nd4 13. Re1 b5 14. Qc1 O-O
15. e3 Nc6 16. Rd1 Nb4 17. Bf1 Rfd8 18. Nc3 a6 19. a3 Nc6 20. Ne2 Ng4 21. Bg2
f5 22. Qd2 e5 23. Bc3 Qe6 24. Qb2 b4 25. axb4 Nxb4 26. Bxb4 cxb4 27. h3 Nf6 28.
Bb7 Rc7 29. Bxa6 f4 30. Kh2 f3 31. Ng1 Qf5 32. Ra5 Rc3 33. Kh1 h5 34. Bc4+ Kh8
35. e4 Qc8 36. Rxe5 Qc7 37. Rf5 g6 38. Rxf3 Nxe4 39. Re3 Nd6 40. Ne2 Bf6 41.
Nxc3 bxc3 42. Qe2 Nf5 43. Re8+ Kg7 44. Rxd8 Qxd8 45. d4 Nxd4 46. Qe4 Qb6 47.
Kg2 g5 48. Bd3 Qc6 49. Qxc6 Nxc6 50. Be4 Nd4 51. b4 Kf8 52. Rb1 Nb5 53. Bd3 Na3
54. Re1 c2 55. b5 Bc3 56. Rf1 Ke7 57. b6 {1-0 (57) Mareco,S (2648)
-Baryshpolets,A (2591) Saint Louis USA 2017}) 7... Bc6 8. dxc5 Nbd7 9. Be3 Bd5
10. Qc2 Be4 11. Qc1 Ng4 $6 (11... Bxc5 12. Bxc5 Rc8 13. b4 b6 14. Nc3 bxc5 15.
Nxe4 Nxe4 16. Qc4 Nef6 17. O-O O-O 18. b5 Qa5 19. a4 Nd5 20. Rfc1 Rfd8 21. Qa2
h6 22. Nd2 N7b6 23. Nc4 Nxc4 24. Qxc4 Nb6 25. Qb3 Rd4 26. Bc6 {1/2-1/2 (28)
Zhou,J (2566)-Adams,M (2729) Khanty Mansiysk 2007}) 12. b4 a5 13. Bg5 f6 14.
Bd2 axb4 15. Bxb4 Nxc5 16. Bxc5 Rc8 17. Qc4 Bxc5 18. Qxe6+ Kf8 19. Qxg4 Bb4+ (
19... Bxf3 20. Bxf3 Bd4 21. e3 Bxa1 22. O-O h5 23. Qf5 h4 24. Rd1) 20. Nbd2
Bxd2+ 21. Nxd2 Bxg2 22. Rg1 Bd5 23. Rd1 Qc7 24. Ne4 Rd8 25. f3 Qe5 26. Qf4 Qxf4
27. gxf4 Kf7 28. Nc3 Bc4 29. a4 Rxd1+ 30. Kxd1 Rd8+ 31. Kc2 Rc8 32. Kd2 Ba6 33.
Ne4 Kf8 34. f5 Rd8+ 35. Ke3 Rd5 36. Rc1 (36. Ng3 $5 Ra5 37. Rc1 Rxa4 38. Rc8+
Ke7 39. Rc7+ Kf8 40. Nh5 $1 Ra2 41. Nf4 Kg8) 36... Rxf5 37. Rc8+ Ke7 38. Rc7+
Kf8 39. Rc8+ Ke7 40. Rc7+ Kf8 41. Rc8+ 1/2-1/2

[Event "World Chess Candidates 2018"]
[Site "Berlin"]
[Date "2018.03.19"]
[Round "8"]
[White "So, Wesley"]
[Black "Caruana, Fabiano"]
[Result "1/2-1/2"]
[WhiteElo "2799"]
[BlackElo "2784"]
[PlyCount "129"]
[EventDate "2018.??.??"]
[EventType "tourn"]
[EventCountry "GER"]
[SourceTitle "playchess.com"]
[Source "ChessBase"]
[SourceQuality "1"]

1. e4 e5 2. Nf3 Nf6 3. Nxe5 d6 4. Nf3 Nxe4 5. Qe2 Qe7 6. d3 Nf6 7. Nc3 Qxe2+ 8.
Bxe2 g6 9. Bg5 (9. Nd4 a6 10. Bf4 Bg7 11. h3 Bd7 12. Bf3 Nc6 13. Nxc6 Bxc6 14.
Bxc6+ bxc6 15. O-O-O Kd7 16. Rhe1 Rhe8 17. Ne4 Nd5 18. Bd2 f5 19. Ng5 h6 20.
Nf3 g5 21. c3 c5 22. Kc2 Bf6 23. Rxe8 Rxe8 24. Re1 Rf8 25. Rh1 Re8 26. g3 g4
27. Ng1 Bg5 28. Kd1 a5 29. Ne2 a4 30. Bxg5 hxg5 31. hxg4 fxg4 32. Rh5 Re5 33.
Rh7+ Ke6 34. a3 Rf5 35. c4 Nf6 36. Rh2 Rf3 37. Kc2 Nd7 38. d4 Nb6 39. dxc5 dxc5
40. Nc3 Ke5 41. Nd1 {1/2-1/2 (41) Carlsen,M (2834)-Caruana,F (2811) Wijk aan
Zee NED 2018}) 9... Bg7 10. O-O-O (10. h3 h6 11. Be3 O-O 12. O-O-O Nbd7 13. d4
Nb6 14. d5 Bd7 15. Nh2 Rfe8 16. Ng4 Ne4 17. Nxe4 Rxe4 18. Bf3 Ra4 19. a3 h5 20.
Nh2 Nc4 21. Bd4 Bxd4 22. Rxd4 Nxb2 23. Rxa4 Nxa4 24. g4 hxg4 25. hxg4 Kg7 26.
Re1 Re8 27. Rxe8 Bxe8 28. Kd2 Kf6 29. Be4 Nb6 30. Nf3 g5 31. Kd3 Bd7 32. Nd4
Bxg4 33. Nb5 a6 {0-1 (33) Solovjov,S (2414)-Belozerov,A (2541) Sochi 2007})
10... O-O (10... h6 11. Bd2 Bd7 12. Rde1 O-O 13. Bd1 a6 14. Ne4 Nxe4 15. Rxe4
Nc6 16. h3 Rae8 17. Rhe1 Rxe4 18. Rxe4 Re8 19. c3 Rxe4 20. dxe4 Ne5 21. Nxe5
dxe5 22. Bb3 Bf8 23. Be3 Kg7 24. Kd2 f5 25. exf5 gxf5 26. f4 Bd6 27. g3 Bc6 28.
fxe5 Bxe5 29. Bd4 Kf6 30. Ke3 Bg2 31. h4 Bc6 32. Bd1 Ke6 33. Bxe5 Kxe5 34. Bf3
{1/2-1/2 (34) Foisor,C (2427)-Foisor,M (2217) Warsaw 2011}) 11. Rhe1 h6 12. Bh4
Nc6 13. d4 a6 14. a3 Bd7 15. d5 Na7 16. Nd4 Nc8 17. Nb3 g5 18. Bg3 Re8 19. Na5
b5 20. f3 Nh5 21. Bf2 Nf4 22. Bf1 Nb6 23. Rxe8+ Rxe8 24. Bxb6 cxb6 25. Nb7 Be5
26. Ne4 Rb8 27. Nexd6 Ng6 28. g3 Ne7 29. a4 Nf5 30. Nxf5 Bxf5 31. Re1 f6 32.
Rxe5 fxe5 33. Nd6 Bd7 34. axb5 axb5 35. Bxb5 Bxb5 36. Nxb5 Rf8 37. Kd2 Rxf3 38.
Ke2 g4 39. Nd6 h5 40. Nc4 b5 41. Nxe5 Rf5 42. Ng6 Kf7 43. Nf4 h4 44. Ng2 hxg3
45. hxg3 Rf3 46. Ne3 Rxg3 47. c4 bxc4 48. d6 $2 (48. Nxc4 $15) 48... Ke6 49.
Nxc4 Rf3 50. d7 Rf8 51. Ne3 g3 52. d8=Q Rxd8 53. Kf3 Rd3 54. Kf4 Rb3 55. Ng2
Kd5 56. Nh4 Kc4 57. Kg4 Rd3 58. b4 Rb3 59. b5 Kd5 60. b6 Ke4 61. b7 Rxb7 62.
Kxg3 Rg7+ 63. Kf2 Rg4 64. Ng2 Rxg2+ 65. Kxg2 1/2-1/2

[Event "World Chess Candidates 2018"]
[Site "Berlin"]
[Date "2018.03.19"]
[Round "8"]
[White "Grischuk, Alexander"]
[Black "Kramnik, Vladimir"]
[Result "1-0"]
[WhiteElo "2767"]
[BlackElo "2800"]
[PlyCount "181"]
[EventDate "2018.??.??"]
[EventType "tourn"]
[EventCountry "GER"]
[SourceTitle "playchess.com"]
[Source "ChessBase"]
[SourceQuality "1"]

1. c4 e6 2. Nc3 d5 3. d4 Nf6 4. Nf3 c5 5. e3 dxc4 6. Bxc4 a6 7. Bb3 b5 8. e4
cxd4 9. Nxd4 Bb7 (9... Nbd7 10. O-O Bb7 11. Bxe6 fxe6 12. Nxe6 Qb6 13. Nd5 Nxd5
14. exd5 Kf7 15. Bf4 Rc8 16. Re1 Nf6 17. d6 Qc6 18. Ng5+ Kg8 19. Qb3+ Qd5 20.
Qh3 h6 21. Ne6 Re8 22. Rad1 Qxa2 23. Nxf8 Rxf8 24. d7 Kf7 25. Bc7 Bd5 26. Qe3
Nxd7 27. Qe7+ Kg6 28. Qxd7 Bf7 29. Qd3+ Kh5 30. Qf5+ g5 31. Rd3 {1-0 (31)
Rasmussen,K (2437)-Matthiesen,A (2282) Aarhus 2003}) 10. e5 (10. O-O Nc6 11.
Be3 Bd6 12. Nxc6 Bxc6 13. Bd4 Qc7 14. Bxf6 gxf6 15. Qh5 O-O 16. Bc2 Be7 17. f4
Kh8 18. Kh1 Rg8 19. Rac1 Rg7 20. Bd1 Qb7 21. Bf3 Rd8 22. Rfd1 Qa8 23. Rxd8+
Bxd8 24. Qc5 f5 25. Qf8+ Rg8 26. Qxf7 fxe4 27. Nxe4 Bxe4 28. Qxe6 {1/2-1/2 (28)
Maljush,A (2344)-Kupreichik,V (2464) Minsk 2004}) 10... Ne4 11. O-O Nxc3 12.
bxc3 Nc6 13. a4 Bc5 $5 14. axb5 axb5 15. Rxa8 Bxa8 16. Nxb5 O-O 17. Qxd8 Rxd8
18. Bf4 h6 19. h4 Ne7 20. Rd1 Rb8 21. Bc4 Bc6 22. Nd4 Be4 23. h5 Nd5 24. Bxd5
Bxd5 25. Be3 Rc8 26. Re1 Bc4 27. Nf3 Ba3 28. Bd4 Bd3 29. Nd2 Bb2 30. Nf1 Rc4
31. Re3 Bf5 32. Ng3 Bh7 33. Kh2 Bc1 34. Re2 Bf4 35. Kh3 Ra4 36. Kg4 Bc1 37. Kf3
Bd3 38. Re1 Bb2 39. Ke3 Bc2 40. Kd2 Bb3 41. Rb1 Ra2 42. Kd3 Ba4 43. Ne4 Ba3 44.
Ke3 Bc2 45. Re1 Bb3 46. g4 Bd5 47. Kd3 Be7 48. Rb1 Ra8 49. f4 Bh4 50. Rh1 Bd8
51. Rb1 Bc7 52. Ke3 Kh7 53. Nd6 Kg8 54. Rb5 Bc6 55. Rb4 Bd8 56. Bb6 Bh4 57. Bd4
Bg2 58. Rb2 Bc6 59. Rb6 Bg2 60. Rb2 Bc6 61. Rb3 Bg3 62. c4 Bh2 63. f5 exf5 64.
Nxf5 Kh7 65. Bb2 Re8 66. Nd6 Re7 67. Rb8 f6 68. Rc8 Bh1 69. Nf5 Rb7 70. exf6
Rb3+ 71. Bc3 gxf6 72. Kd2 Bf4+ 73. Kc2 Rb8 74. Rxb8 Bxb8 75. Ne7 Be4+ 76. Kd2
Bf4+ 77. Ke2 Kg7 78. Nf5+ Kf7 79. Bd2 Be5 80. Bxh6 Ke6 81. Be3 Bxf5 82. gxf5+
Kxf5 83. h6 Kg6 84. c5 f5 85. Kf3 Kf7 86. Bf4 Bd4 87. c6 Ke7 88. c7 Kd7 89. h7
Kc8 90. Ke2 Kd7 91. Kd3 1-0

[Event "World Chess Candidates 2018"]
[Site "Berlin"]
[Date "2018.03.20"]
[Round "9"]
[White "So, Wesley"]
[Black "Grischuk, Alexander"]
[Result "1/2-1/2"]
[WhiteElo "2799"]
[BlackElo "2767"]
[PlyCount "68"]
[EventDate "2018.??.??"]
[EventType "tourn"]
[EventCountry "GER"]
[SourceTitle "playchess.com"]
[Source "ChessBase"]
[SourceQuality "1"]

1. e4 e5 2. Nf3 Nc6 3. Bb5 Nf6 4. O-O Nxe4 5. Re1 Nd6 6. Nxe5 Be7 7. Bf1 Nxe5
8. Rxe5 O-O 9. d4 Bf6 10. Re1 Re8 11. Bf4 Rxe1 12. Qxe1 Ne8 13. c3 d5 14. Bd3
g6 15. Qe2 c6 16. Nd2 Ng7 17. Re1 Bf5 18. Bxf5 Nxf5 19. Nf3 Ng7 20. Be5 Ne6 21.
Bxf6 Qxf6 22. Ne5 Re8 23. g3 (23. Ng4 Qd8 24. Qe5 Ng7 25. Qxe8+ Nxe8 26. Rxe8+
Qxe8 27. Nf6+ Kf8 28. Nxe8 Kxe8 29. f4 {1/2-1/2 (29) Sychev,K (2510)-Vetoshko,
V (2534) Yerevan ARM 2018} (29. Kf1 Ke7 30. Ke2 Ke6 31. Ke3 Kf5 {1/2-1/2 (31)
Motylev,A (2658)-Potkin,V (2594) Fufeng CHN 2017}) 29... f5 30. Kf2 Kf7 31. b4
b5 32. g3 (32. h3 h6 33. h4 h5 {1/2-1/2 (33) Carlsen,M (2870)-Anand,V (2775)
Chennai 2013}) 32... Kf6 33. Kf3 Ke6 34. Ke3 Kf6 35. Kf3 Ke6 {1/2-1/2 (35)
Carlsen,M (2872)-Anand,V (2773) Zürich 2014}) 23... Ng7 24. Kg2 Re6 25. Qd1 Qe7
26. Nd3 Rxe1 27. Qxe1 Qxe1 28. Nxe1 Nf5 29. Nd3 Kf8 30. g4 Nd6 31. h4 h6 32. f3
Ke7 33. Kf2 g5 34. hxg5 hxg5 1/2-1/2

[Event "World Chess Candidates 2018"]
[Site "Berlin"]
[Date "2018.03.20"]
[Round "9"]
[White "Karjakin, Sergey"]
[Black "Kramnik, Vladimir"]
[Result "1-0"]
[WhiteElo "2763"]
[BlackElo "2800"]
[PlyCount "81"]
[EventDate "2018.??.??"]
[EventType "tourn"]
[EventCountry "GER"]
[SourceTitle "playchess.com"]
[Source "ChessBase"]
[SourceQuality "1"]

1. c4 e6 2. Nc3 d5 3. d4 Nf6 4. cxd5 Nxd5 5. e4 Nxc3 6. bxc3 c5 7. Rb1 Be7 8.
Nf3 (8. Bb5+ Bd7 9. Bd3 cxd4 10. cxd4 Nc6 11. Be2 Rc8 12. Nf3 Qa5+ 13. Bd2 Bb4
14. Rb2 Bxd2+ 15. Qxd2 Qxd2+ 16. Kxd2 Na5 17. Rbb1 Ke7 18. Rhc1 f6 19. h4 Rhd8
20. Bd3 a6 21. Ke3 b5 22. g4 Be8 23. Ng1 Nc6 24. Ne2 Rd6 25. Rd1 Rcd8 26. Bc2
Na5 27. Bd3 Nc6 28. Bc2 h5 29. g5 fxg5 30. e5 R6d7 31. hxg5 h4 32. g6 Na5 33.
Rbc1 Rc7 34. Bd3 Rdc8 35. Rxc7+ Rxc7 36. Rh1 Nc4+ 37. Kf4 Nb2 38. Be4 b4 39.
Rxh4 Nd1 40. f3 Nc3 41. Nxc3 bxc3 42. Rh2 Rc8 43. Ke3 Bb5 44. f4 Bc4 45. Rh7
Rg8 46. a3 a5 47. Bc2 Kd7 48. d5 Bxd5 49. Kd4 Ba2 50. Kxc3 Kc6 51. Rh2 Kc5 52.
Rd2 Rh8 53. Rd7 Rh3+ 54. Kb2 Bd5 55. Rxg7 Kd4 56. Rh7 Rg3 57. Rh5 Rg2 58. Rg5
Rf2 59. g7 Be4 60. g8=Q Rxc2+ 61. Kb3 Rc3+ 62. Ka4 Rc5 63. Rg2 Bf3 64. Qd8+ {
1-0 (64) Mamedyarov,S (2809)-Kramnik,V (2800) Berlin GER 2018}) 8... O-O 9. h4
$5 (9. Bc4 a6 (9... Nc6 10. O-O b6 11. Bf4 Bb7 12. Re1 cxd4 13. cxd4 Nb4 14.
Qd2 Nc6 15. d5 Na5 16. Bb5 exd5 17. exd5 Bc5 18. Rbd1 Bd6 19. Ne5 a6 20. Bf1
Rc8 21. Nc6 Bxf4 22. Qxf4 Bxc6 23. dxc6 Qc7 24. Rd6 Nxc6 25. Rc1 Qb8 26. Bxa6
Ne5 27. Rcd1 Rc5 28. Qb4 Nc6 29. Qb2 Rd8 30. Rxd8+ Nxd8 31. Rb1 {1/2-1/2 (31)
Svidler,P (2755)-Radjabov,T (2710) Moscow RUS 2017}) 10. a4 Qc7 11. Bd3 cxd4
12. cxd4 Nc6 13. O-O Nb4 14. Ba3 Nxd3 15. Qxd3 Bxa3 16. Qxa3 Bd7 17. Ne5 Rfc8
18. Rfc1 Qd8 19. Nxd7 Qxd7 20. Qb4 a5 21. Qb6 Qxa4 22. Rxc8+ Rxc8 23. Qxb7 Qc2
24. g3 h5 25. d5 exd5 26. exd5 Rd8 27. Re1 Qd3 28. Re5 Qf3 29. Qb5 h4 30. Re8+
Rxe8 31. Qxe8+ Kh7 32. Qd7 f5 33. gxh4 Qg4+ 34. Kf1 Qd1+ 35. Kg2 Qg4+ 36. Kf1
a4 37. Qe6 Qd1+ 38. Kg2 Qg4+ 39. Kf1 Qg6 40. Qc6 a3 41. Qa8 Qd6 42. h5 f4 43.
Kg2 Qb4 44. Qe8 f3+ 45. Kh3 Qb1 46. d6 Qf5+ 47. Kg3 Qg5+ 48. Kxf3 Qf6+ 49. Kg2
Qxd6 50. Qa8 Qd3 51. h3 Qb3 52. Qe4+ Kh8 53. Qa8+ Kh7 54. Qe4+ {1/2-1/2 (54)
Ding Liren (2772)-Kramnik,V (2794) Antalya TUR 2017}) 9... cxd4 10. cxd4 Nc6
11. h5 f5 12. exf5 Qa5+ 13. Bd2 Qxf5 14. Bc3 h6 15. Bd3 Qg4 16. Kf1 e5 17. d5
e4 18. dxc6 exf3 19. gxf3 Rxf3 $2 (19... Qxf3 20. Qxf3 Rxf3 21. Ke2 Rxd3 22.
Kxd3 bxc6 $16) 20. Be2 (20. cxb7 $1 Bxb7 21. Qb3+ Rf7 22. Qxb7 Raf8 23. Qe4
Rxf2+ 24. Ke1 Qxe4+ 25. Bxe4 $18) 20... Rxf2+ 21. Kxf2 Bc5+ 22. Kf1 Qf4+ 23.
Bf3 bxc6 24. Be1 $1 Be6 25. Bh4 Rf8 26. Kg2 Kh8 27. Rc1 Rf5 28. Rc3 Rd5 $6 29.
Bxd5 Bxd5+ 30. Rf3 Qg4+ 31. Bg3 Bd6 32. Rh3 Be7 33. Qe2 Be4 34. Qf2 a5 35. a4
c5 36. Rh1 $1 Bf6 37. Re1 Bc6 38. Ree3 c4 39. Qe2 Qxh5 40. Qxc4 Bd7 41. Rd3 1-0

[Event "World Chess Candidates 2018"]
[Site "Berlin"]
[Date "2018.03.20"]
[Round "9"]
[White "Aronian, Levon"]
[Black "Mamedyarov, Shakhriyar"]
[Result "1/2-1/2"]
[WhiteElo "2794"]
[BlackElo "2809"]
[PlyCount "82"]
[EventDate "2018.??.??"]
[EventType "tourn"]
[EventCountry "GER"]
[SourceTitle "playchess.com"]
[Source "ChessBase"]
[SourceQuality "1"]

1. d4 Nf6 2. c4 e6 3. Nf3 d5 4. g3 Be7 5. Bg2 O-O 6. O-O dxc4 7. Qc2 b6 8. Qxc4
Bb7 9. Nc3 c5 10. Rd1 Nbd7 11. Ne5 (11. dxc5 Bxc5 12. b4 Bxf2+ 13. Kxf2 Rc8 14.
Qf4 Rxc3 15. Bb2 Rc7 16. Bxf6 gxf6 17. Rac1 Rxc1 18. Qxc1 Qc8 19. Qxc8 Bxc8 20.
Rc1 Rd8 21. Rc7 a6 22. a4 Nb8 23. Nd2 Bd7 24. a5 bxa5 25. bxa5 Kf8 26. Ke3 Ke7
27. Kd4 Rg8 28. Rb7 Rc8 29. Nc4 Nc6+ 30. Bxc6 Rxc6 31. Nb6 Rd6+ 32. Kc5 Rd2 33.
Nxd7 Rxd7 34. Kc6 Rxb7 35. Kxb7 Kd7 36. Kxa6 Kc6 37. Ka7 Kc7 38. Ka6 Kc6 39.
Ka7 Kc7 40. g4 f5 41. gxf5 exf5 42. e3 h5 43. h4 f6 44. a6 f4 45. exf4 f5 {
1/2-1/2 (45) Bu Xiangzhi (2710)-Bacrot,E (2715) Tbilisi GEO 2017}) (11. Bg5
cxd4 12. Rxd4 h6 13. Bxf6 Bxf6 14. Rd2 Rc8 15. Qa4 Bc6 16. Qb4 Bxf3 17. exf3
Bxc3 18. bxc3 Qc7 19. f4 Nf6 20. Rd3 Qc4 21. Bf1 Qc5 22. Bg2 Qc4 23. Bf1 Qc7
24. Bg2 Rfd8 25. Rad1 Rxd3 26. Rxd3 Rd8 27. Rd4 Rxd4 28. Qxd4 Qd7 29. Qxd7 Nxd7
30. Kf1 Kf8 31. Ke2 Ke7 32. Kd3 Kd6 33. Kd4 Nc5 34. Bf1 Nd7 {1/2-1/2 (34)
Aronian,L (2799)-Hou Yifan (2652) Tbilisi GEO 2017}) 11... Bxg2 12. Kxg2 Qc8 (
12... Rc8 13. Bf4 cxd4 14. Qxd4 Nxe5 15. Qxe5 Qe8 16. Rd3 Rc5 17. Qd4 Qc6+ 18.
f3 Rc4 19. Qf2 e5 20. Be3 e4 21. fxe4 Nxe4 22. Nxe4 f5 23. Rdd1 Rxe4 24. Qf3
Bg5 25. Bf2 Qc2 26. Qb3+ Qxb3 27. axb3 Rxe2 28. Rxa7 Rxb2 29. Rdd7 Bf6 30. Rab7
Rc8 31. Rxb6 h6 32. Rb4 Bg5 33. Rbb7 Bf6 34. Rb4 Kh7 35. Rf4 Kg6 36. Rd5 Rxb3
37. Rdxf5 Rc2 38. Rf3 Rbb2 39. h4 Bd4 40. g4 Rb4 41. Kg3 Bf6 42. Be3 Rcc4 43.
h5+ Kh7 44. R3f4 Rxf4 45. Bxf4 Rb3+ {1/2-1/2 (45) Ibarra Chami,L (2477)
-Gonzalez Garcia,J (2497) Merida 2012}) (12... Qc7 13. Nxd7 Qxd7 14. dxc5 Qc6+
15. e4 a6 16. Qe2 Bxc5 17. Bg5 Be7 18. Rac1 Qb7 19. Qf3 h6 20. Bf4 Rfd8 21. Nd5
Ne8 22. Nc7 Rxd1 23. Rxd1 Rc8 24. Nxe8 Rxe8 25. e5 Qxf3+ 26. Kxf3 Rd8 27. Rxd8+
Bxd8 28. g4 Kh7 29. Be3 Kg6 30. Ke4 h5 31. h3 hxg4 32. hxg4 f6 33. f4 Kf7 34.
Bd4 Bc7 35. a4 Bd8 36. Be3 Bc7 37. exf6 gxf6 38. Bd2 Bd6 39. Be3 Bc7 40. b3 Bd8
41. Kd4 Kg6 42. Ke4 Kf7 43. Bd2 Bc7 44. Bb4 Bb8 45. f5 Bc7 46. Kd4 Be5+ 47. Kc4
Bc7 48. Ba3 Be5 49. Bc1 Ke7 50. Be3 Bc7 51. Bf2 Kd7 52. b4 Bd8 53. Bd4 Kd6 54.
Bb2 Kd7 55. b5 a5 56. Bc1 Bc7 57. Be3 Bd8 58. Bd4 Kd6 59. Bc3 Kd7 60. Bb2 Kd6 {
1/2-1/2 (60) Fridman,D (2607)-Rambaldi,F (2544) Bergamo ITA 2016}) 13. Nxd7
Qxd7 14. dxc5 Qc6+ 15. f3 Qxc5 16. Qxc5 Bxc5 17. Bf4 Rfd8 18. e4 Ne8 19. Kf1
Kf8 20. Ke2 Ke7 21. Nb5 Rdc8 22. Rac1 a6 23. Nc3 b5 24. a4 Bd6 25. Be3 Rab8 26.
axb5 axb5 27. Ba7 Rb7 28. Bd4 Rc4 29. e5 Bc5 30. Nd5+ exd5 31. Bxc5+ Ke6 32. b3
Rxc1 33. Rxc1 Kxe5 34. Kd3 Ke6 35. Bb4 Kd7 36. Kd4 Nc7 37. Ba5 Ne6+ 38. Kxd5
Ra7 39. b4 Ra6 40. f4 Rd6+ 41. Ke4 Rd4+ 1/2-1/2

[Event "World Chess Candidates 2018"]
[Site "Berlin"]
[Date "2018.03.20"]
[Round "9"]
[White "Caruana, Fabiano"]
[Black "Ding, Liren"]
[Result "1/2-1/2"]
[WhiteElo "2784"]
[BlackElo "2769"]
[PlyCount "133"]
[EventDate "2018.??.??"]
[EventType "tourn"]
[EventCountry "GER"]
[SourceTitle "playchess.com"]
[Source "ChessBase"]
[SourceQuality "1"]

1. d4 Nf6 2. c4 e6 3. g3 Bb4+ 4. Bd2 Be7 5. Bg2 d5 6. Nf3 O-O 7. O-O c6 8. Qb3
b6 9. Nc3 Ba6 10. cxd5 cxd5 11. Ne5 Bb7 12. Rfc1 Nc6 13. Nxd5 Nxd4 14. Nxe7+
Qxe7 15. Qc4 Bxg2 16. Qxd4 Rfd8 17. Qf4 $5 (17. Qb4 Qxb4 18. Bxb4 Bb7 19. Rc7
Ba6 20. Nxf7 Nd5 21. Nxd8 Nxc7 22. Nc6 {1/2-1/2 (22) Gleizerov,E (2545)-Farago,
I (2515) Oberwart 1996}) 17... Bb7 18. Bb4 Qe8 19. Rc7 Nd5 20. Qxf7+ Qxf7 21.
Rxf7 Ba6 22. Ba3 Bxe2 23. Rc1 Bh5 24. Rb7 Be8 25. Kg2 a5 26. h4 Rdb8 27. Rxb8
Rxb8 28. g4 b5 29. b3 b4 30. Bb2 a4 31. h5 Ra8 32. Kg3 Kf8 33. Nf3 Bd7 34. Rc4
Kg8 35. Ne5 Bb5 36. Rc5 Be8 37. Nc4 Bd7 38. Ne5 Be8 39. Bd4 Kf8 40. f3 Ke7 41.
Kh4 Kf8 42. Kg5 h6+ 43. Kh4 Kg8 44. Kg3 Kh7 45. Nd3 Kg8 46. Rc1 axb3 47. axb3
Kh7 48. Nc5 Bf7 49. Re1 Ne7 50. Bb2 (50. Nxe6 Nc6 51. Bc5 Re8 52. Nf8+ Kg8 53.
Rxe8 Bxe8 54. Ng6 Bf7 55. Ne7+ Nxe7 56. Bxe7 Bxb3 $11) 50... Nc6 51. f4 Ra2 52.
Nd3 e5 $1 53. fxe5 Bxb3 54. e6 Ra7 $6 (54... Ne7 $1 $11) 55. Nc5 Bc4 $6 56. Nd7
Bb5 57. Nf8+ $6 (57. Re3 $1 {[%cal Ye3f3]} Bc4 58. Rf3 Ra2 $6 59. Nf8+ Kg8 60.
Ng6) 57... Kg8 58. Ng6 Ne7 $6 59. Ra1 $1 Nc6 60. Rd1 $1 $18 Kh7 61. Rd5 Ba4 62.
Kf4 $6 (62. Rd2 $1 {[%cal Yd2f2,Yf2f7]}) 62... Bc2 $1 63. Rc5 Ba4 64. g5 hxg5+
65. Rxg5 Nd8 66. Re5 $6 (66. Nf8+ Kg8 67. h6 Bb3 68. h7+ Kh8 69. Bxg7+ Rxg7 70.
Rxg7 Nxe6+ 71. Nxe6 Bxe6 72. Re7 $18) 66... Be8 $1 67. e7 1/2-1/2

[Event "World Chess Candidates 2018"]
[Site "Berlin"]
[Date "2018.03.22"]
[Round "10"]
[White "Ding, Liren"]
[Black "So, Wesley"]
[Result "1/2-1/2"]
[WhiteElo "2769"]
[BlackElo "2799"]
[PlyCount "61"]
[EventDate "2018.??.??"]
[EventType "tourn"]
[EventCountry "GER"]
[SourceTitle "playchess.com"]
[Source "ChessBase"]
[SourceQuality "1"]

1. d4 d5 2. c4 e6 3. Nc3 Be7 4. Nf3 Nf6 5. Bf4 O-O 6. e3 b6 7. cxd5 Nxd5 8.
Nxd5 Qxd5 9. Be2 Bb7 (9... Ba6 10. O-O c5 11. Bxa6 Nxa6 12. dxc5 Qxd1 13. Rfxd1
Nxc5 14. Kf1 Rfc8 15. Rac1 Kf8 16. Bd6 Na4 17. Bxe7+ Kxe7 18. Ne5 Rxc1 19. Rxc1
Nxb2 20. f4 f6 21. Rc7+ Kd6 22. Rd7+ Kc5 23. Nf3 a5 24. Rxg7 Nd1 25. Rxh7 Nxe3+
26. Kf2 Nd5 27. f5 exf5 28. Rh5 b5 29. Rxf5 b4 30. Nd2 a4 31. Rf3 Kd4 32. a3 b3
33. Nxb3+ axb3 34. Rxb3 Nc3 35. Kf3 Nd5 36. h4 Kc4 37. Rb7 Rxa3+ 38. Kg4 Kd4
39. Kf5 Ra1 40. g4 Rf1+ 41. Kg6 Ke5 42. g5 f5 43. h5 Nf4+ 44. Kf7 Nxh5 45. Rb5+
Ke4 46. g6 Ra1 47. Rb4+ Ke5 48. Rb5+ Kf4 49. Rb2 Ra7+ 50. Kf8 Kg5 {0-1 (50)
Basso,P (2417)-Brunello,S (2557) Rome ITA 2016}) 10. Bxc7 Qa5+ 11. Kf1 Nd7 12.
h4 Rac8 13. Bf4 Rfd8 14. Kg1 Bxf3 15. Bxf3 e5 16. Bg5 Bxg5 17. hxg5 exd4 18.
Qxd4 Qxg5 19. Rh5 Qf6 20. Rd5 Qxd4 21. Rxd4 Ne5 22. Bd5 Nc6 23. Rdd1 Kf8 24.
Bxc6 Rxd1+ 25. Rxd1 Rxc6 26. Rd7 Rc2 27. Rxa7 Rxb2 28. a4 Ra2 29. Rb7 Ra1+ 30.
Kh2 Rxa4 31. Rxb6 1/2-1/2

[Event "World Chess Candidates 2018"]
[Site "Berlin"]
[Date "2018.03.22"]
[Round "10"]
[White "Grischuk, Alexander"]
[Black "Karjakin, Sergey"]
[Result "1/2-1/2"]
[WhiteElo "2767"]
[BlackElo "2763"]
[PlyCount "56"]
[EventDate "2018.??.??"]
[EventType "tourn"]
[EventCountry "GER"]
[SourceTitle "playchess.com"]
[Source "ChessBase"]
[SourceQuality "1"]

1. d4 Nf6 2. c4 e6 3. g3 Bb4+ 4. Bd2 Be7 5. Bg2 d5 6. Nf3 O-O 7. O-O Nbd7 8.
Qc2 c6 9. Rc1 b6 10. a4 (10. cxd5 cxd5 11. Bf4 Bb7 12. Qb3 Rc8 13. Rxc8 Qxc8
14. Nc3 Nh5 15. Bg5 Bxg5 16. Nxg5 Qb8 17. e3 Nhf6 18. Bf1 h6 19. Nf3 Ne4 20. a4
Rc8 21. a5 bxa5 22. Rxa5 Bc6 23. Qa3 Rc7 24. Nxe4 dxe4 25. Nd2 Bd5 26. b3 Rb7
27. Ba6 Rc7 28. Bc4 Nf6 29. Qd6 Ne8 30. Qa3 Nf6 31. Kg2 Rb7 32. h3 Kh7 33. Ba6
Rb4 34. Bc4 Rb7 35. Ra6 Nd7 36. Ra5 {1/2-1/2 (36) Karjakin,S (2753)-Wei Yi 
(2743) Wijk aan Zee NED 2018}) 10... Ne4 (10... Ba6 11. b3 c5 12. a5 Bb7 13. a6
Bc6 14. Ne5 Nxe5 15. dxe5 Nd7 16. f4 Rc8 17. Nc3 d4 18. Nb5 Bxb5 19. cxb5 f6
20. Qc4 fxe5 21. Qxe6+ Kh8 22. fxe5 Re8 23. Be4 c4 24. Qh3 Nf8 25. Rf1 g6 26.
bxc4 Bc5 27. Bh6 Qe7 28. Bxf8 Rxf8 29. Bxg6 d3+ 30. e3 Bxe3+ 31. Kh1 d2 32. Bd3
Rcd8 33. Bc2 h6 34. Qh5 Bg5 35. Qg6 Qg7 36. Qxg7+ Kxg7 37. Kg2 Rd4 38. Rxf8
Kxf8 39. Rf1+ Ke7 40. h4 Be3 41. Kf3 Rxc4 42. Bd3 Rc1 43. Kxe3 Rxf1 44. Kxd2
Rg1 45. h5 Rxg3 46. Be2 Ke6 47. Bd3 Kxe5 48. Bg6 Kd4 49. Ke2 Kc5 50. Be8 Rg8
51. Bc6 Rg5 52. Kf3 Rxh5 53. Kg4 Rg5+ 54. Kh4 Kb4 55. Bd7 Rxb5 {0-1 (55) Voit,
D (2382)-Gunina,V (2507) Moscow RUS 2018}) 11. Be1 a5 12. Nbd2 Nxd2 13. Nxd2
Bf6 14. cxd5 cxd5 15. e4 Bxd4 16. Nb3 Bf6 17. exd5 exd5 18. Bxd5 Ra7 19. Kg2 h6
20. Bc3 Rc7 21. Bxf6 Rxc2 22. Bxd8 Rxc1 23. Rxc1 Rxd8 24. Rd1 Kf8 25. f4 Ke7
26. Re1+ Kf8 27. Rd1 Ke7 28. Re1+ Kf8 1/2-1/2